[Event "Women's Speed Chess Q5"]
[Site "chess.com INT"]
[Date "2020.06.22"]
[Round "11"]
[White "Singgih, Diajeng Theresa"]
[Black "Kalinina, Larisa"]
[Result "1-0"]
[WhiteTitle "WFM"]
[BlackTitle "WIM"]
[WhiteElo "1972"]
[BlackElo "2131"]
[WhiteFideId "7104391"]
[BlackFideId "14106361"]
[EventDate "2020.06.22"]

1. e4 c5 2. Nc3 a6 3. f4 b5 4. Nf3 Bb7 5. d3 g6 6. Be2 Bg7 7. O-O b4 8. Nd5 e6
9. Ne3 Ne7 10. Qe1 O-O 11. f5 exf5 12. exf5 Nbc6 13. Ng5 f6 14. Ne4 d6 15. Qg3
Nd4 16. Bd1 Nexf5 17. Nxf5 Nxf5 18. Rxf5 gxf5 19. Nxd6 Bc8 20. Bh6 Qe7 21. Bf3
Ra7 22. Re1 Qc7 23. Bd5+ Kh8 24. Nf7+ Rxf7 25. Re8+ Rf8 26. Rxf8+ Bxf8 27. Qg8# 1-0

[Event "Women's Speed Chess Q5"]
[Site "chess.com INT"]
[Date "2020.06.22"]
[Round "11"]
[White "Mendoza, Shania Mae"]
[Black "Doluhanova, Evgeniya"]
[Result "1-0"]
[WhiteTitle "WFM"]
[BlackTitle "WGM"]
[WhiteElo "2158"]
[BlackElo "2229"]
[WhiteFideId "5211158"]
[BlackFideId "14112035"]
[EventDate "2020.06.22"]

1. e4 e5 2. Nf3 Nc6 3. d4 exd4 4. Bc4 Bc5 5. c3 Nf6 6. e5 d5 7. Bb5 Ne4 8. cxd4
Bb4+ 9. Bd2 Bxd2+ 10. Nbxd2 O-O 11. Bxc6 bxc6 12. O-O f5 13. Nxe4 dxe4 14. Nd2
Qxd4 15. Qc1 Ba6 16. Re1 Qxe5 17. Qxc6 Bb5 18. Qc2 Rad8 19. Rac1 c6 20. a4 Bxa4
21. Qxa4 Rxd2 22. Rxc6 Qd5 23. Rc7 a5 24. h3 Rxb2 25. Rd7 Qc5 26. Rf1 Qb5 27.
Qd4 Rf7 28. Rd8+ Rf8 29. Rd7 Rf6 30. Rd5 Qb6 31. Rd8+ Kf7 32. Qd7+ Kg6 33. Qe8+
Kh6 34. g4 Rb1 35. Qh5# 1-0

[Event "Women's Speed Chess Q5"]
[Site "chess.com INT"]
[Date "2020.06.22"]
[Round "11"]
[White "Eswaran, Ashritha"]
[Black "Rakhmangulova, Anastasiya"]
[Result "1-0"]
[WhiteTitle "WIM"]
[BlackTitle "WIM"]
[WhiteElo "2244"]
[BlackElo "2191"]
[WhiteFideId "2080788"]
[BlackFideId "14117479"]
[EventDate "2020.06.22"]

1. e4 d5 2. exd5 Qxd5 3. Nc3 Qd6 4. Nf3 Nf6 5. d4 Bg4 6. Be3 Nc6 7. Be2 a6 8. h3
Bh5 9. Qd2 O-O-O 10. O-O-O e6 11. Kb1 Qd7 12. Rhe1 Bb4 13. Qd3 Bg6 14. Qc4 Nd5
15. Bd2 Na5 16. Nxd5 Nxc4 17. Nxb4 Nxd2+ 18. Rxd2 Qe7 19. a3 f6 20. Bc4 Bf7 21.
Re3 Qd6 22. Rc3 Rhe8 23. Nd3 Bg6 24. Nc5 e5 25. Bb3 exd4 26. Rxd4 Qe7 27. Rb4 b6
28. Nxa6 Rd7 29. Rxb6 Qe2 30. Rb8# 1-0

[Event "Women's Speed Chess Q5"]
[Site "chess.com INT"]
[Date "2020.06.22"]
[Round "11"]
[White "Tsukerman, Julia"]
[Black "Bommini, Mounika Akshaya"]
[Result "1-0"]
[WhiteTitle "WCM"]
[BlackTitle "WFM"]
[WhiteElo "1523"]
[BlackElo "2029"]
[WhiteFideId "2621649"]
[BlackFideId "25019872"]
[EventDate "2020.06.22"]

1. e4 c5 2. Nf3 d6 3. d4 cxd4 4. Nxd4 Nf6 5. Nc3 a6 6. Be3 e5 7. Nb3 Be6 8. f3
b5 9. Qd2 Be7 10. g4 O-O 11. h4 Nbd7 12. h5 Nb6 13. g5 Nfd7 14. O-O-O Rc8 15. g6
f5 16. exf5 Bxf5 17. Bd3 Nc4 18. gxh7+ Kh8 19. Bxc4 Rxc4 20. a3 a5 21. Qd5 Nb6
22. Qxb5 Qc7 23. Bxb6 Qc8 24. Bxa5 Bg5+ 25. Kb1 Be6 26. Bb4 Bd7 27. Qd5 1-0

[Event "Women's Speed Chess Q5"]
[Site "chess.com INT"]
[Date "2020.06.22"]
[Round "11"]
[White "Khalafova, Narmin"]
[Black "Hng, Mei-En Emmanuelle"]
[Result "1-0"]
[WhiteTitle "WGM"]
[BlackTitle "WFM"]
[WhiteElo "2279"]
[BlackElo "2029"]
[WhiteFideId "13402625"]
[BlackFideId "5804566"]
[EventDate "2020.06.22"]

1. e4 c5 2. Be2 Nc6 3. f4 d6 4. Nf3 g6 5. O-O Bg7 6. d3 Nf6 7. Qe1 O-O 8. Qh4
Bd7 9. Na3 a6 10. Nc4 b5 11. Ne3 Qc7 12. g4 Nd4 13. Bd1 Bc6 14. c3 Ne6 15. g5
Nd7 16. f5 Nd8 17. Ng4 Re8 18. f6 Bf8 19. Bb3 e6 20. Nd2 d5 21. Rf3 Bd6 22. Rh3
Nf8 23. Qh6 1-0

[Event "Women's Speed Chess Q5"]
[Site "chess.com INT"]
[Date "2020.06.22"]
[Round "11"]
[White "Vijayalakshmi, Subbaraman"]
[Black "Gevorgyan, Maria"]
[Result "0-1"]
[WhiteTitle "IM"]
[BlackTitle "WGM"]
[WhiteElo "2332"]
[BlackElo "2228"]
[WhiteFideId "5004098"]
[BlackFideId "13300270"]
[EventDate "2020.06.22"]

1. Nf3 c5 2. g3 g6 3. Bg2 Bg7 4. O-O Nc6 5. c4 Nf6 6. Nc3 O-O 7. d4 cxd4 8. Nxd4
Qa5 9. e4 d6 10. Be3 Qb4 11. Nxc6 bxc6 12. e5 dxe5 13. Bxc6 Bg4 14. Qb3 Qd6 15.
Bxa8 Rxa8 16. f3 Be6 17. Rad1 Qc6 18. Nd5 Bf8 19. Qc3 Nd7 20. Bg5 f6 21. Be3 Bf7
22. Nb4 Qb7 23. c5 Nb8 24. c6 Qc8 0-1

[Event "Women's Speed Chess Q5"]
[Site "chess.com INT"]
[Date "2020.06.22"]
[Round "11"]
[White "Hryzlova, Sofiia"]
[Black "Koridze, Lile"]
[Result "0-1"]
[WhiteTitle "WCM"]
[BlackTitle "WFM"]
[WhiteElo "1940"]
[BlackElo "1996"]
[WhiteFideId "14174669"]
[BlackFideId "13612514"]
[EventDate "2020.06.22"]

1. c4 e5 2. Nf3 Nc6 3. Nc3 Nf6 4. e4 Be7 5. d4 exd4 6. Nxd4 O-O 7. Be2 Bb4 8. f3
d6 9. O-O Nxd4 10. Bd3 Ne6 11. Nd5 Bc5+ 12. Kh1 a6 13. b4 Ba7 14. Bb2 Nxd5 15.
exd5 Nf4 16. Bc2 Qg5 17. g3 Ng6 18. f4 Qh6 19. Qd3 Bh3 20. Rfe1 Bg4 21. f5 Ne5
22. Bxe5 dxe5 23. Rxe5 Rae8 24. Ree1 Qh5 25. c5 b6 26. Qc4 Bf3+ 27. Kg1 bxc5 28.
bxc5 Qh3 29. Qf1 Bxc5+ 0-1

[Event "Women's Speed Chess Q5"]
[Site "chess.com INT"]
[Date "2020.06.22"]
[Round "11"]
[White "Mkrtchian, Lilit"]
[Black "Berend, Elvira"]
[Result "0-1"]
[WhiteTitle "IM"]
[BlackTitle "WGM"]
[WhiteElo "2388"]
[BlackElo "2326"]
[WhiteFideId "13300601"]
[BlackFideId "4000510"]
[EventDate "2020.06.22"]

1. d4 Nf6 2. c4 e6 3. Nf3 Bb4+ 4. Nbd2 O-O 5. a3 Be7 6. e4 d6 7. Be2 Nc6 8. O-O
a5 9. b3 e5 10. d5 Nb8 11. Nb1 Nxe4 12. Bb2 Na6 13. Nbd2 Nxd2 14. Nxd2 Bf5 15.
Kh1 Bg6 16. f4 exf4 17. Rxf4 Nc5 18. Nf1 Bg5 19. Rf3 Re8 20. Ng3 Ne4 21. Nxe4
Bxe4 22. Rg3 Bf6 23. Qd2 Bg6 24. Rf1 Bxb2 25. Qxb2 Qe7 26. Bd3 Qe5 27. Qxe5 Rxe5
28. Bxg6 hxg6 29. Rgf3 f6 30. Kg1 Rae8 31. Kf2 Re2+ 32. Kg3 Ra2 33. R1f2 Rxa3
34. h4 Re5 35. Rb2 b6 36. Rc3 a4 37. Kf3 axb3 38. Rcxb3 Ra4 39. Rb4 Ra1 40. g3
Rc1 41. Ra2 Rc3+ 42. Kf2 Ree3 43. Ra8+ Kh7 44. Rba4 Rxg3 45. Rc8 Rgf3+ 46. Ke2
Rfe3+ 47. Kd2 Red3+ 48. Ke2 Rh3 49. Raa8 g5 50. h5 Rxh5 51. Kd2 Rg3 52. Rh8+ Kg6
53. Rhe8 Rh2+ 0-1

[Event "Women's Speed Chess Q5"]
[Site "chess.com INT"]
[Date "2020.06.22"]
[Round "11"]
[White "Mohota, Nisha"]
[Black "Tian, Shi Yuan"]
[Result "1-0"]
[WhiteTitle "IM"]
[BlackTitle "WFM"]
[WhiteElo "2195"]
[BlackElo "1868"]
[WhiteFideId "5004330"]
[BlackFideId "2623960"]
[EventDate "2020.06.22"]

1. e4 c6 2. Nc3 d5 3. Nf3 Bg4 4. Be2 e6 5. h3 Bxf3 6. Bxf3 Nd7 7. d4 Bb4 8. Bd2
Ngf6 9. e5 Bxc3 10. Bxc3 Ng8 11. O-O Ne7 12. Be2 O-O 13. Bd3 c5 14. f4 c4 15.
Be2 b5 16. Bb4 a5 17. Bd6 Re8 18. Bxe7 Qxe7 19. f5 exf5 20. Rxf5 f6 21. Bf3 Qe6
22. Bg4 Qe7 23. Qf3 Kh8 24. Qxd5 Nb6 25. Qc6 fxe5 26. Qxb6 e4 27. Re5 Qh4 28.
Rxe8+ Rxe8 29. Qxb5 Rf8 30. Rf1 Rg8 31. Qxc4 Qg3 32. Qxg8+ 1-0

[Event "Women's Speed Chess Q5"]
[Site "chess.com INT"]
[Date "2020.06.22"]
[Round "11"]
[White "Chitlange, Sakshi"]
[Black "Kashlinskaya, Alina"]
[Result "0-1"]
[WhiteTitle "WIM"]
[BlackTitle "IM"]
[WhiteElo "2167"]
[BlackElo "2494"]
[WhiteFideId "35002899"]
[BlackFideId "4198026"]
[EventDate "2020.06.22"]

1. d4 Nf6 2. c4 e6 3. Nf3 d5 4. g3 Bb4+ 5. Bd2 Be7 6. Bg2 O-O 7. O-O Nbd7 8. Qc2
c6 9. Rd1 b6 10. Bf4 Ba6 11. Ne5 Rc8 12. Nc3 Nh5 13. cxd5 cxd5 14. Qa4 Nxf4 15.
gxf4 Nb8 16. Rac1 f6 17. Nd3 Rc4 18. Qc2 Rxd4 19. Bh3 Qd6 20. e3 Rc4 21. Qd2 Nd7
22. Ne1 f5 23. Bf1 Rf6 24. Bxc4 Bxc4 25. Nf3 Rg6+ 26. Kh1 Bf6 27. Nd4 e5 28.
Nxf5 Qe6 29. Nxd5 Qxf5 30. Rxc4 Qh3 31. Rc8+ Kf7 32. Rg1 Qf3+ 0-1

[Event "Women's Speed Chess Q5"]
[Site "chess.com INT"]
[Date "2020.06.22"]
[Round "11"]
[White "Luong, Phuong Hanh"]
[Black "Shuvalova, Polina"]
[Result "1-0"]
[WhiteTitle "WIM"]
[BlackTitle "WGM"]
[WhiteElo "2230"]
[BlackElo "2454"]
[WhiteFideId "12401013"]
[BlackFideId "24171760"]
[EventDate "2020.06.22"]

1. d4 Nf6 2. Nf3 e6 3. e3 d5 4. Bd3 Bd6 5. O-O O-O 6. b3 b6 7. Bb2 c5 8. Nbd2
Ba6 9. Bxa6 Nxa6 10. Qe2 Nc7 11. e4 dxe4 12. Nxe4 Nxe4 13. Qxe4 Nd5 14. dxc5
Bxc5 15. Rad1 Qc7 16. Ng5 g6 17. Nxh7 Rfe8 18. Rxd5 f5 19. Nf6+ Kf7 20. Nxe8
Rxe8 21. Qe5 Qxe5 22. Rxe5 Bd6 23. Re2 e5 24. h3 Rc8 25. c4 e4 26. Rd1 Bc5 27.
Rd5 Rc6 28. Bd4 Re6 29. Bxc5 1-0

[Event "Women's Speed Chess Q5"]
[Site "chess.com INT"]
[Date "2020.06.22"]
[Round "11"]
[White "Buksa, Nataliya"]
[Black "Vaishali, R"]
[Result "1-0"]
[WhiteTitle "IM"]
[BlackTitle "WGM"]
[WhiteElo "2410"]
[BlackElo "2393"]
[WhiteFideId "14123622"]
[BlackFideId "5091756"]
[EventDate "2020.06.22"]

1. d4 Nf6 2. Nc3 d5 3. Bf4 g6 4. e3 Bg7 5. h4 h5 6. Nf3 O-O 7. Ne5 c5 8. Be2
cxd4 9. exd4 Nc6 10. Qd2 Bf5 11. f3 Nb4 12. Bd1 Qb6 13. g4 Be6 14. Na4 Qb5 15.
Nc5 Nc6 16. Nxe6 fxe6 17. Nxg6 Qxb2 18. Rc1 hxg4 19. Nxf8 Rxf8 20. c3 Qb6 21.
Bh6 Rf7 22. Rg1 Kf8 23. Bxg7+ Rxg7 24. h5 Ne5 25. h6 Rh7 26. fxg4 Nc4 27. Qf2
Rf7 28. Rf1 Kg8 29. g5 e5 30. gxf6 Rxf6 31. Qg2+ Kf8 32. Qg7+ Ke8 33. Rxf6 Qb2
34. Rc2 Qb1 35. Rf7 1-0

[Event "Women's Speed Chess Q5"]
[Site "chess.com INT"]
[Date "2020.06.22"]
[Round "11"]
[White "Janzelj, Lara"]
[Black "Cholleti, Sahajasri"]
[Result "0-1"]
[WhiteTitle "WIM"]
[BlackTitle "WIM"]
[WhiteElo "2210"]
[BlackElo "2235"]
[WhiteFideId "14608391"]
[BlackFideId "5045118"]
[EventDate "2020.06.22"]

1. c4 c5 2. g3 g6 3. Nc3 Nc6 4. Bg2 Bg7 5. e3 e6 6. Nge2 Nge7 7. O-O O-O 8. a3
d5 9. cxd5 exd5 10. d4 c4 11. b3 Na5 12. bxc4 dxc4 13. Rb1 Nec6 14. a4 Re8 15.
Ba3 Nb3 16. Nf4 h5 17. Qe2 Ncxd4 18. Qxc4 Nd2 19. Qa2 Nxb1 20. Rxb1 Ne6 21. Rd1
Qa5 22. Ncd5 Qxa4 23. Rd3 Nxf4 24. gxf4 Be6 25. Qd2 Rac8 26. Ne7+ Rxe7 27. Bxe7
Qa1+ 28. Bf1 Rc1 29. Rd8+ Kh7 30. Kg2 Rxf1 31. Bf8 Rg1+ 32. Kf3 Bg4+ 0-1

[Event "Women's Speed Chess Q5"]
[Site "chess.com INT"]
[Date "2020.06.22"]
[Round "11"]
[White "Jakubowska, Anna"]
[Black "Karnaukhova, Elmira"]
[Result "0-1"]
[WhiteTitle "WIM"]
[BlackTitle "WGM"]
[WhiteElo "2073"]
[BlackElo "2319"]
[WhiteFideId "1121952"]
[BlackFideId "4148827"]
[EventDate "2020.06.22"]

1. e4 c5 2. Nc3 Nc6 3. g3 g6 4. Bg2 Bg7 5. d3 e6 6. Be3 d6 7. Qd2 Rb8 8. h4 h5
9. Nh3 b5 10. f4 b4 11. Nd1 Nd4 12. c3 bxc3 13. bxc3 Nc6 14. e5 Nge7 15. exd6
Qxd6 16. Ng5 Nf5 17. Ne4 Qc7 18. Bxc5 Nce7 19. Ne3 Nxe3 20. Qxe3 O-O 21. Bd6
Bxc3+ 22. Kf1 Nf5 23. Bxc7 Nxe3+ 24. Ke2 Bxa1 25. Bxb8 Bd4 26. Bf3 Ba6 27. Bd6
Rc8 28. Bb4 Rc2+ 29. Bd2 Nd5 30. Rc1 Rxa2 31. Rc6 Nb4 32. Rd6 Bxd3+ 33. Ke1 Ra1+
34. Bd1 Nc2# 0-1

[Event "Women's Speed Chess Q5"]
[Site "chess.com INT"]
[Date "2020.06.22"]
[Round "11"]
[White "Swati, Mohota"]
[Black "Chumpitaz, Ann"]
[Result "0-1"]
[WhiteTitle "WFM"]
[BlackTitle "WIM"]
[WhiteElo "2027"]
[BlackElo "2244"]
[WhiteFideId "5006511"]
[BlackFideId "3804178"]
[EventDate "2020.06.22"]

1. d4 Nf6 2. c4 g6 3. Nc3 Bg7 4. e4 d6 5. f3 O-O 6. Be3 c5 7. Nge2 Nc6 8. Qd2 b6
9. d5 Na5 10. Nc1 Re8 11. Nb3 e6 12. Nxa5 bxa5 13. Be2 exd5 14. cxd5 Rb8 15. O-O
Bd7 16. Rab1 a4 17. Bf4 Qb6 18. Kh1 Nh5 19. Bh6 Be5 20. g4 Nf6 21. Be3 Qb4 22.
a3 Bxc3 23. Qxc3 Qxc3 24. bxc3 Rb3 25. Rxb3 axb3 26. Bc4 Rb8 27. Rb1 b2 28. Kg2
Ba4 29. Bd3 c4 30. Bxa7 Rb7 31. Bd4 cxd3 32. Bxf6 Bc2 33. Rxb2 Rxb2 34. Kf2 Ra2
35. Ke3 Rxa3 36. g5 Ra1 37. c4 Re1+ 38. Kd2 Re2+ 39. Kc1 Bb3 40. e5 d2+ 41. Kb2
d1=Q+ 42. Kc3 Qc2+ 0-1

[Event "Women's Speed Chess Q5"]
[Site "chess.com INT"]
[Date "2020.06.22"]
[Round "11"]
[White "Potapova, Margarita"]
[Black "Balabayeva, Xeniya"]
[Result "1-0"]
[WhiteTitle "WIM"]
[BlackTitle "WFM"]
[WhiteElo "2270"]
[BlackElo "2146"]
[WhiteFideId "14126869"]
[BlackFideId "13719688"]
[EventDate "2020.06.22"]

1. d4 Nf6 2. c4 b6 3. Nf3 Bb7 4. Bf4 d5 5. e3 Nbd7 6. Nc3 e6 7. Be2 Be7 8. O-O
O-O 9. Ne5 dxc4 10. Nxc4 a6 11. Bf3 Bxf3 12. Qxf3 Rc8 13. Rfd1 h6 14. Qb7 Nb8
15. Rac1 Nd5 16. Bg3 Nxc3 17. Rxc3 Bb4 18. Rcc1 Qd5 19. Qxd5 exd5 20. Ne5 Rfd8
21. Nc6 Nxc6 22. Rxc6 Bd6 23. Rdc1 Bxg3 24. hxg3 Rd7 25. Rxb6 cxb6 26. Rxc8+ Kh7
27. Rc6 Rb7 28. Kf1 f6 29. Ke2 Kg6 30. Rd6 Kf7 31. Rxd5 Ke6 32. Rd8 Rc7 33. Kd2
Ke7 34. Rb8 Rc6 35. Rb7+ Kf8 36. g4 b5 37. g3 Kg8 38. f4 g6 39. Ra7 f5 40. gxf5
gxf5 41. Kd3 Kf8 42. d5 Rg6 43. Kd4 Rxg3 44. d6 Ke8 45. Re7+ Kd8 46. Kd5 Rg2 47.
Rh7 Rxb2 48. Ke6 Rg2 49. Rh8+ 1-0

[Event "Women's Speed Chess Q5"]
[Site "chess.com INT"]
[Date "2020.06.22"]
[Round "11"]
[White "Papp, Petra"]
[Black "Vantika, Agrawal"]
[Result "1-0"]
[WhiteTitle "WGM"]
[BlackTitle "WIM"]
[WhiteElo "2338"]
[BlackElo "2286"]
[WhiteFideId "739049"]
[BlackFideId "25050389"]
[EventDate "2020.06.22"]

1. e4 c5 2. Nf3 d6 3. d4 cxd4 4. Nxd4 Nf6 5. Nc3 a6 6. Be3 e5 7. Nb3 Be6 8. f3
h5 9. Nd5 Bxd5 10. exd5 Nbd7 11. Qd2 g6 12. Be2 Bg7 13. O-O-O b6 14. Kb1 Nc5 15.
g4 Qc7 16. h4 e4 17. g5 Nfd7 18. f4 O-O 19. f5 Be5 20. Nd4 b5 21. Nc6 Rfe8 22.
Rdf1 Bg7 23. f6 Bf8 24. Qd1 a5 25. Bxh5 gxh5 26. Qxh5 Ne5 27. Nxe5 Rxe5 28. Bd4
Rxd5 29. Rd1 Rc8 30. Qg4 Ne6 31. g6 Qxc2+ 32. Ka1 Rxd4 33. gxf7+ Kxf7 34. Qh5+
Kxf6 35. Rdf1+ Ke7 36. Qf7+ Kd8 37. Qxe6 Be7 38. Rhg1 Rd2 39. Rg8+ Kc7 40. Rxc8+
Kb7 41. Rxc2 Rxc2 1-0

[Event "Women's Speed Chess Q5"]
[Site "chess.com INT"]
[Date "2020.06.22"]
[Round "11"]
[White "Zavivaeva, Emilia"]
[Black "Sharmin, Samiha Shimmi"]
[Result "0-1"]
[WhiteTitle "WCM"]
[BlackTitle "WCM"]
[WhiteElo "1735"]
[BlackElo "1812"]
[WhiteFideId "34127531"]
[BlackFideId "10203087"]
[EventDate "2020.06.22"]

1. e4 d5 2. exd5 Qxd5 3. Nc3 Qd6 4. d4 Nf6 5. Nf3 a6 6. Be3 b5 7. Be2 Bb7 8. O-O
e6 9. Qd2 Be7 10. Bf4 Qb6 11. Be3 c5 12. dxc5 Bxc5 13. Bxc5 Qxc5 14. Rad1 O-O
15. Qf4 Nc6 16. a3 Rac8 17. Bd3 Ne7 18. Ne5 Ng6 19. Nxg6 hxg6 20. Rd2 Qc6 21. f3
Qb6+ 22. Kh1 Nh5 23. Qg5 Rc5 24. Qh4 Nf6 25. Ne4 Nxe4 26. Bxe4 Rh5 27. Qg3 Bxe4
28. fxe4 Rc8 29. Rfd1 Rhc5 30. c3 a5 31. Rd4 R5c7 32. Rd6 Rc6 33. R6d4 a4 34.
Qh4 Re8 0-1

[Event "Women's Speed Chess Q5"]
[Site "chess.com INT"]
[Date "2020.06.22"]
[Round "11"]
[White "Goryachkina, Aleksandra"]
[Black "Khomeriki, Nino"]
[Result "1-0"]
[WhiteTitle "GM"]
[BlackTitle "WGM"]
[WhiteElo "2582"]
[BlackElo "2319"]
[WhiteFideId "4147103"]
[BlackFideId "13603191"]
[EventDate "2020.06.22"]

1. Nf3 d5 2. g3 c6 3. Bg2 Bg4 4. O-O Nd7 5. d3 e6 6. h3 Bh5 7. Nbd2 Bd6 8. b3
Ne7 9. Bb2 O-O 10. c4 a5 11. Qc2 a4 12. Rab1 Re8 13. Bc3 axb3 14. axb3 e5 15. b4
f5 16. c5 Bc7 17. e4 h6 18. Ra1 Bf7 19. Bb2 Bg6 20. Rfe1 fxe4 21. dxe4 Kh8 22.
Qb3 d4 23. Nc4 Ng8 24. Qc2 Ngf6 25. Nh4 Bh7 26. Nf5 Rxa1 27. Bxa1 Nf8 28. Nfd6
Bxd6 29. Nxd6 Re7 30. f4 Ne8 31. fxe5 Rxe5 32. Nf7+ Kg8 33. Nxd8 1-0

[Event "Women's Speed Chess Q5"]
[Site "chess.com INT"]
[Date "2020.06.22"]
[Round "11"]
[White "De Seroux, Camille"]
[Black "Matveeva, Olga"]
[Result "1-0"]
[WhiteTitle "WIM"]
[BlackTitle "WIM"]
[WhiteElo "2137"]
[BlackElo "2171"]
[WhiteFideId "1305620"]
[BlackFideId "24107018"]
[EventDate "2020.06.22"]

1. e4 e6 2. d4 d5 3. Nd2 c5 4. exd5 Qxd5 5. Ngf3 cxd4 6. Bc4 Qd6 7. O-O Nf6 8.
Nb3 Nc6 9. Nbxd4 Nxd4 10. Nxd4 a6 11. Re1 Qc7 12. Bb3 Bd7 13. c3 O-O-O 14. Qf3
Bd6 15. h3 Qc5 16. Bc2 Qd5 17. Qe2 h5 18. Be3 g5 19. Rad1 Bc7 20. c4 Qa5 21. a3
g4 22. b4 Qe5 23. g3 gxh3 24. Nf3 Qb2 25. Rb1 Qxa3 26. Rb3 Qa2 27. Bg5 Rdg8 28.
Bxf6 Rh6 29. Bg5 Rhh8 30. Bh4 Rg4 31. Bd1 1-0

[Event "Women's Speed Chess Q5"]
[Site "chess.com INT"]
[Date "2020.06.22"]
[Round "11"]
[White "Artemyeva, Olga"]
[Black "Kiolbasa, Oliwia"]
[Result "0-1"]
[WhiteTitle "WFM"]
[BlackTitle "WIM"]
[WhiteElo "2069"]
[BlackElo "2160"]
[WhiteFideId "4138422"]
[BlackFideId "1154613"]
[EventDate "2020.06.22"]

1. b3 Nf6 2. Bb2 g6 3. g3 Bg7 4. Bg2 O-O 5. d3 d5 6. Nd2 c6 7. e3 Re8 8. Ne2 e5
9. O-O Nbd7 10. c4 b6 11. Rc1 Bb7 12. d4 e4 13. Nc3 Qe7 14. cxd5 cxd5 15. Nb5
Rec8 16. Ba3 Rxc1 17. Qxc1 Qd8 18. Rd1 Rc8 19. Qb1 Ba6 20. Nd6 Bd3 21. Qa1 Rc2
22. N2xe4 dxe4 23. Rc1 Qc7 24. Rxc2 Qxc2 25. h4 Ng4 26. Qe1 Qxa2 27. Bb4 a5 28.
Bc3 Ndf6 29. Bh3 Qxb3 30. Bxg4 Nxg4 31. Kg2 a4 32. f3 exf3+ 33. Kxf3 Qd5+ 34. e4
Qxd6 35. Kxg4 Bxe4 36. Qe3 Qe6+ 37. Kf4 Bh6# 0-1

[Event "Women's Speed Chess Q5"]
[Site "chess.com INT"]
[Date "2020.06.22"]
[Round "11"]
[White "Bogumil, Tatiana"]
[Black "Goh, Jie Yi"]
[Result "1-0"]
[WhiteTitle "WGM"]
[BlackTitle "WCM"]
[WhiteElo "2182"]
[BlackElo "1743"]
[WhiteFideId "4110579"]
[BlackFideId "5710049"]
[EventDate "2020.06.22"]

1. Nf3 e6 2. c4 f5 3. b3 Nf6 4. Bb2 Be7 5. g3 O-O 6. Bg2 d6 7. d4 Ne4 8. Nc3
Nxc3 9. Bxc3 Qe8 10. Qc2 a5 11. e4 Nd7 12. exf5 exf5 13. O-O Qh5 14. d5 Bf6 15.
Nd4 Ne5 16. Ne6 Rf7 17. Bxe5 Bxe5 18. Rad1 Rb8 19. f4 Bf6 20. Rfe1 Re7 21. Qe2
Qf7 22. Bf3 Bd7 23. Qd3 Rbe8 24. Kg2 g6 25. Re2 Bc8 26. Rde1 b6 27. h4 h6 28.
Kh3 Kh7 29. Kg2 Qg8 30. Re3 Qf7 31. Qe2 Qg8 32. h5 g5 33. Qd3 1-0

[Event "Women's Speed Chess Q5"]
[Site "chess.com INT"]
[Date "2020.06.22"]
[Round "11"]
[White "Hoang, Thi Bao Tram"]
[Black "Dauletova, Gulmira"]
[Result "1-0"]
[WhiteTitle "WGM"]
[BlackTitle "WIM"]
[WhiteElo "2288"]
[BlackElo "2319"]
[WhiteFideId "12401102"]
[BlackFideId "13702971"]
[EventDate "2020.06.22"]

1. d4 Nf6 2. c4 e6 3. Nc3 Bb4 4. Nf3 d5 5. Qc2 O-O 6. Bg5 h6 7. Bxf6 Qxf6 8. a3
Bxc3+ 9. bxc3 c5 10. e3 Nc6 11. Be2 dxc4 12. Bxc4 b6 13. Qe4 Bb7 14. Bd3 g6 15.
Qg4 h5 16. Qg3 Ne7 17. Ne5 Nf5 18. Qf4 Qh4 19. Bxf5 Qxf4 20. exf4 exf5 21. O-O
cxd4 22. cxd4 Rfd8 23. Rfd1 Rac8 24. Rd2 Kg7 25. Re1 Rc3 26. a4 Rd5 27. h3 Ra5
28. Nd7 Rxa4 29. Re7 Bd5 30. Ne5 Rc1+ 31. Kh2 Re1 32. h4 Re4 33. Rd7 Rexd4 34.
Rxd5 1-0

[Event "Women's Speed Chess Q5"]
[Site "chess.com INT"]
[Date "2020.06.22"]
[Round "11"]
[White "Berdychevskaya, Natasha"]
[Black "Ramirez, Maria Eugenia"]
[Result "0-1"]
[WhiteTitle "WFM"]
[BlackTitle "WFM"]
[WhiteElo "2208"]
[BlackElo "2057"]
[WhiteFideId "4159322"]
[BlackFideId "3301680"]
[EventDate "2020.06.22"]

1. e4 e5 2. Nf3 Nc6 3. Bb5 Nd4 4. Nxd4 exd4 5. O-O h5 6. c3 Bc5 7. cxd4 Bxd4 8.
Nc3 c6 9. Bc4 d6 10. Ne2 Bb6 11. d4 Bg4 12. f3 Be6 13. Bxe6 fxe6 14. Kh1 e5 15.
Qb3 Qe7 16. Ng3 g6 17. dxe5 dxe5 18. Be3 Bxe3 19. Qxe3 h4 20. Ne2 Nf6 21. Qg5
O-O-O 22. Rad1 Rdg8 23. Qe3 Kb8 24. Rd2 g5 25. Rfd1 g4 26. f4 Re8 27. fxe5 Qxe5
28. Nc3 Nxe4 29. Nxe4 Qxe4 30. Qg5 Qe1+ 31. Rxe1 Rxe1# 0-1

[Event "Women's Speed Chess Q5"]
[Site "chess.com INT"]
[Date "2020.06.22"]
[Round "11"]
[White "Schut, Lisa"]
[Black "Abrahamyan, Tatev"]
[Result "1-0"]
[WhiteTitle "WIM"]
[BlackTitle "WGM"]
[WhiteElo "2259"]
[BlackElo "2358"]
[WhiteFideId "1019481"]
[BlackFideId "13301918"]
[EventDate "2020.06.22"]

1. e4 e6 2. d4 d5 3. Nc3 Bb4 4. Bd3 dxe4 5. Bxe4 Nf6 6. Bf3 c5 7. Ne2 Nc6 8. a3
Bxc3+ 9. bxc3 Qa5 10. O-O O-O 11. Bg5 Nd5 12. c4 Nc3 13. Nxc3 Qxc3 14. dxc5 Qxc4
15. Be3 Rd8 16. Bxc6 Rxd1 17. Raxd1 h6 18. Rd8+ Kh7 19. Be8 b6 20. Bxf7 Qxf1+
21. Kxf1 Ba6+ 22. Ke1 Rxd8 23. cxb6 axb6 24. Bxe6 Bb7 25. g4 Be4 26. Bb3 b5 27.
f4 h5 28. Kf2 hxg4 29. Kg3 Bf5 30. Bb6 Rd2 31. Bc7 Kg6 32. Be5 Rd1 33. Kf2 Rh1
34. Kg3 Rd1 35. Kf2 Rd2+ 36. Kg3 Kh5 37. Bf7+ g6 38. Be8 Be4 39. f5 Rg2+ 40. Kf4
Bxf5 41. Ke3 Rxc2 42. Bxb5 Ra2 43. Bd6 Kg5 44. Be2 Kf6 45. Bb4 Ra1 46. Bc3+ 1-0